Pontificia Universidad Católica de Valparaíso: 90 años de historia, 1928-2018
Wedi'i Gadw mewn:
| Prif Awdur: | |
|---|---|
| Fformat: | Llyfr |
| Iaith: | Sbaeneg |
| Cyhoeddwyd: |
Valparaíso
Universitarias
2018
|
| Rhifyn: | 1a. ed |
| Pynciau: | |
| Tagiau: |
Ychwanegu Tag
Dim Tagiau, Byddwch y cyntaf i dagio'r cofnod hwn!
|
MARC
| LEADER | 00000cam a2200000 a 4500 | ||
|---|---|---|---|
| 001 | UCC7215 | ||
| 003 | CL-VaPUC | ||
| 008 | 190315e20180000cl |||||||||||||||||spa|d | ||
| 020 | |a 9789561708075 | ||
| 082 | 0 | 4 | |a 378.83 |b EST |2 21 |
| 100 | |a Estrada Turra, Baldomero |e autor |9 870293 | ||
| 245 | 1 | 0 | |a Pontificia Universidad Católica de Valparaíso: 90 años de historia, 1928-2018 |
| 250 | |a 1a. ed | ||
| 300 | |a 236 p | ||
| 942 | |c BK | ||
| 945 | |d 20190315 15:58:00 |a dcastane | ||
| 260 | |a Valparaíso |b Universitarias |c 2018 | ||
| 600 | 0 | |a Fundación Isabel Caces de Brown |9 487637 | |
| 600 | 0 | 7 | |a CASTRO ROJAS, RUBEN |2 CL-VaPUC |9 307929 |
| 600 | 0 | 7 | |a BROWN DIFFIN, JUAN |2 CL-VaPUC |9 487639 |
| 600 | 0 | 7 | |a ARIZTIA LYON, RAFAEL |2 CL-VaPUC |9 307930 |
| 600 | 0 | 7 | |a ZAVALA ROJAS, ANTONIO |2 CL-VaPUC |9 546773 |
| 600 | 0 | 7 | |a ALLARD NEUMANN, RAUL |2 CL-VaPUC |9 469383 |
| 650 | 0 | |a Universidades chilenas |9 407335 | |
| 650 | 0 | |a Educación superior |9 223851 | |
| 650 | 0 | |a Historia de la educación |9 257642 | |
| 650 | 7 | |a RECTORES PUCV |2 CL-VaPUC |9 312823 | |
| 650 | 7 | |a OBISPOS |2 CL-VaPUC |9 601764 | |
| 583 | |a last modification |c 20190315 15:58:00 |k Rodrigo Vera | ||
| 999 | |c 373922 |d 373920 | ||
| 952 | |0 0 |1 0 |3 erb |4 0 |6 378_830000000000000_EST_2018 |7 0 |8 A |9 492211 |a BIBDER |b BIBDER |i 5535476 |l 7 |m 1 |o 378.83 EST 2018 |p 5535476 |r 2024-08-20 |s 2024-08-09 |w 2019-11-24 |y BK |z Catalogado en:20190315 |k DER | ||
| 952 | |0 0 |1 0 |3 erb |4 0 |6 378_830000000000000_EST_2018 |7 0 |8 A |9 492212 |a BIBHIS |b BIBHIS |i 5535468 |l 2 |m 1 |o 378.83 EST 2018 |p 5535468 |r 2025-01-20 |s 2023-06-08 |w 2019-11-24 |y BK |z Catalogado en:20190315 |k HIS | ||
| 952 | |0 0 |1 0 |3 erb |4 0 |6 378_830000000000000_EST_2018 |7 0 |8 A |9 492213 |a BIBCUR |b BIBCUR |i 553545K |o 378.83 EST 2018 |p 553545K |r 2025-04-22 |w 2019-11-24 |y BK |z Catalogado en:20190315 |k BCB | ||
| 952 | |0 0 |1 0 |3 erb |4 0 |6 378_830000000000000_EST_2018 |7 0 |8 A |9 492214 |a BIBING |b BIBING |i 5535441 |l 1 |o 378.83 EST 2018 |p 5535441 |r 2025-01-20 |s 2023-08-29 |w 2019-11-24 |y BK |z Catalogado en:20190315 |k ING | ||
| 952 | |0 0 |1 0 |3 erb |4 0 |6 378_830000000000000_EST_2018 |7 0 |8 A |9 492215 |a BIBEDU |b BIBEDU |i 5535433 |o 378.83 EST 2018 |p 5535433 |r 2019-11-24 |w 2019-11-24 |y BK |z Catalogado en:20190315 |k EDU | ||
| 952 | |0 0 |1 0 |3 erb |4 0 |6 378_830000000000000_EST_2018 |7 0 |8 X |9 492216 |a FDOBUD |b FDOBUD |i 5535425 |o 378.83 EST 2018 |p 5535425 |r 2019-11-24 |w 2019-11-24 |y BK_X |z Catalogado en:20190315 |k FHP | ||
| 952 | |0 0 |1 0 |3 erb |4 0 |6 378_830000000000000_EST_2018 |7 0 |8 X |9 492217 |a FDOBUD |b FDOBUD |i 5535417 |o 378.83 EST 2018 |p 5535417 |r 2019-11-24 |w 2019-11-24 |y BK_X |z Catalogado en:20190315 |k FHP | ||